Statistiques concernant Polarité et pH des Acides Aminés

Cliquez ici pour prendre le quiz!

Statistiques générales

  • Ce quiz a été pris 10 fois
  • Le résultat moyen est 14 sur 20

Statistiques - réponses

Réponse% Correct
Leucine (Leu, L)
88%
Méthionine (Met, M)
88%
Phénylalanine (Phe, F)
88%
Valine (Val, V)
88%
Alanine (Ala, A)
75%
Asparagine (Asn, N)
75%
Glutamine (Gln, Q)
75%
Glycine (Gly, G)
75%
Isoleucine (Ile, I)
75%
Tyrosine (Tyr, Y)
75%
Arginine (Arg, R)
63%
Histidine (His, H)
63%
Lysine (Lys, K)
63%
Tryptophane (Trp, W)
63%
Acide aspartique (Asp, D)
50%
Acide glutamique (Glu, E)
50%
Cystéine (Cys, C)
50%
Proline (Pro, P)
50%
Sérine (Ser, S)
50%
Thréonine (Thr, T)
50%

Distribution des résultats

Percentile par nombre de réponses

% des personnes avec chaque résultat

Votre développement - résultats

Vous n’avez pas pris ce quiz